00625nam a2200169Ia 4500008004100000082001600041100003900057245008800096260003900184300001400223520001100237650003600248700003600284942001300320999001900333952010300352230907s9999||||xx |||||||||||||| ||und|| a621.31bAFS aAfshan Qamar (00000171530)9116394 0aDetermination of optimal online degradation rate computation model for PV systems / aUSPCAS-E, NUST,bIslamabad :c2018 axv, 68 p. aTH-109 aMS-EEP Thesis MS Thesis9116395 aDr Syed Ali Abbas Kazmi9117439 cTHE2ddc c601788d601788 00102ddc4070aCAS-EbCAS-Ed2019-07-29o621.31 AFSpCAS-ETH0000109r2023-09-12w2023-09-12yTHE